• 首页
  • 本馆介绍
  • 公告通知
  • 最新文献
  • 馆藏检索
  • 电子资源
  • 读者导购
  • 参考咨询
  • 我的图书馆
  • 登录
  • 详细信息显示
  • 放入我的书架
  • 预约/预借图书
  • 作者相关作品
  • 分类相关作品
  • 丛书相关作品
  • 出版社相关作品

书目信息

  • 表格格式
  • 工作单格式
  • 卡片格式
题名:
汉语史纲要
    
 
作者: 殷国光 , 龙国富 , 赵彤 编著
分册:  
出版信息: 北京   中国人民大学出版社  2016
页数: 379页
开本: 26cm
丛书名:
单 册:
中图分类: H1-09
科图分类:
主题词: 汉语史--高等教育--教材
电子资源:
ISBN: 978-7-300-22534-0
000 01051nam0 2200265 450
001 3382
005 20180528102536.43
010    @a978-7-300-22534-0@dCNY48.00
100    @a20160503d2016 em y0chiy50 ea
101 0  @achi
102    @aCN@b110000
105    @ay z 000yy
200 1  @a汉语史纲要@9han yu shi gang yao@b专著@f殷国光,龙国富,赵彤编著
205    @a2版
210    @a北京@c中国人民大学出版社@d2016
215    @a379页@d26cm
300    @a“十二五”普通高等教育本科国家级规划教材 新编21世纪中国语言文学系列教材 “中央高校基本科研业务费专项资金”资助
330    @a本书分为“汉语语音史”、“汉语语法史”、“汉语词汇史”三部分,通过系统讲授汉语不同时期语音、词汇、语法的基本面貌和特征,使学生对汉语发展的历史、汉语发展变化的内部规律有较为全面的了解,以帮助学生深入认识和正确使用现代汉语。
606 0  @a汉语史@x高等教育@j教材
690    @aH1-09@v5
701  0 @a殷国光@9yin guo guang@4编著
701  0 @a龙国富@9long guo fu@4编著
701  0 @a赵彤@9zhao tong@4编著
801  0 @aCN@b91MARC@c20160705
905    @aMuseLib@dH1-09@e176=2
    
    汉语史纲要/殷国光,龙国富,赵彤编著.-2版.-北京:中国人民大学出版社,2016
    379页;26cm
    “十二五”普通高等教育本科国家级规划教材 新编21世纪中国语言文学系列教材 “中央高校基本科研业务费专项资金”资助
    
    ISBN 978-7-300-22534-0:CNY48.00
    本书分为“汉语语音史”、“汉语语法史”、“汉语词汇史”三部分,通过系统讲授汉语不同时期语音、词汇、语法的基本面貌和特征,使学生对汉语发展的历史、汉语发展变化的内部规律有较为全面的了解,以帮助学生深入认识和正确使用现代汉语。
●
相关链接 在E读中查询图书 在五车中查询图书 在当当中查询图书 在豆瓣中查询图书


正题名:汉语史纲要     索取号:H1-09/176=2         预约/预借

序号 登录号 条形码 馆藏地/架位号 状态 备注
1 1108984   211089846   第二样本阅览室/ [索取号:H1-09/176=2] 在馆    
2 1108985   211089855   教育系资料室/ [索取号:H1-09/176=2] 在馆    
唐山师范学院图书馆 欢迎您!
大连网信软件有限公司© 版权所有